00257nam a2200109Ia 4500008004100000100001400041245004600055260001500101300000900116942000700125999001500132190216s9999||||xx |||||||||||||| ||und|| aGhosh P.K 0aText Book Of Company Secretarial Practice bNullc1976 a653p cBK c5117d5117